000 00868nam a2200325 a 4500
003 AR-BaBNM
005 20251128203404.0
008 082120s2002 ||||||||||||||000 | spa||
020 _a950-9095-91-5
040 _cAR-BaBNM
100 1 _aMassobrio, Viviana
245 0 0 _aLiteratura infantil y educación para la paz
260 _aBuenos Aires
_bBraga
_c1990
300 _a121 p.
_bil.
490 0 _aDidáctica operativa
_vv. 11
500 _aContiene índice de las materias
504 _aBibliografía
650 4 _aLITERATURA INFANTIL
650 4 _aEDUCACION PARA LA PAZ
650 4 _aEDUCACION CIVICA
650 4 _aEDUCACION MORAL
650 4 _aPAZ
650 4 _aFOLKLORE
653 _aHISTORIETAS
655 _aLITERATURA
700 1 _aRodriguez, Amelia Ester
800 1 _aPerez Alvarez, Sergio
_edirector
942 _cBK
998 _cisola
999 _c3164
_d3164